<?xml version="1.0" encoding="UTF-8"?>
<record
    xmlns:xsi="http://www.w3.org/2001/XMLSchema-instance"
    xsi:schemaLocation="http://www.loc.gov/MARC21/slim http://www.loc.gov/standards/marcxml/schema/MARC21slim.xsd"
    xmlns="http://www.loc.gov/MARC21/slim">

  <leader>02269    a2200253   4500</leader>
  <controlfield tag="001">28934</controlfield>
  <controlfield tag="005">20260407155558.0</controlfield>
  <controlfield tag="008">260407a1998    arg                 spa d</controlfield>
  <controlfield tag="003">AR-UNSa-BCEJYS</controlfield>
  <datafield tag="040" ind1=" " ind2=" ">
    <subfield code="a">AR-UNSa-BCEJYS</subfield>
    <subfield code="b">spa</subfield>
    <subfield code="c">AR-UNSa-BCEJYS</subfield>
  </datafield>
  <datafield tag="080" ind1=" " ind2=" ">
    <subfield code="a">349.2</subfield>
    <subfield code="x">Derecho del Trabajo</subfield>
  </datafield>
  <datafield tag="245" ind1="1" ind2="0">
    <subfield code="a">La reforma laboral</subfield>
    <subfield code="p">Ley 25.013</subfield>
  </datafield>
  <datafield tag="020" ind1=" " ind2=" ">
    <subfield code="a">950-727-173-2</subfield>
  </datafield>
  <datafield tag="264" ind1=" " ind2="1">
    <subfield code="a">Buenos Aires :</subfield>
    <subfield code="b">Rubinzal-Culzoni Editores</subfield>
    <subfield code="c">1998</subfield>
  </datafield>
  <datafield tag="300" ind1=" " ind2=" ">
    <subfield code="a">368 p.</subfield>
    <subfield code="c">22 cm.</subfield>
  </datafield>
  <datafield tag="505" ind1=" " ind2=" ">
    <subfield code="a">Parte primera: Modalidades del contrato de trabajo: 1. Contrato de trabajo de aprendisaje - 2. Per&#xED;odo de prueba - 3. Modalidades del contrato de trabajo -- Parte segunda: Art&#xED;culo 30 de la ley de contrato de trabajo: 1. Contrataci&#xF3;n, subcontrataci&#xF3;n. Solidaridad -- Parte tercera: Extinci&#xF3;n del contrato de trabajo: 1. Consideraciones generales - 2. Preaviso e indemnizaci&#xF3;n sustitutiva del preaviso - 3. Indemnizaci&#xF3;n por antig&#xFC;edad o despido - 4. Extinci&#xF3;n del contrato por fuerza mayor, por falta o disminuci&#xF3;n del trabajo - 5. Despido discriminatorio - 6. Extinci&#xF3;n del contrato por falta justa - 7. Falta de pago en t&#xE9;rmino de la indemnizaci&#xF3;n por despido incausado o de un acuerdo rescisorio homologado - 8. Extinci&#xF3;n del contrato de trabajo por despido directo - 9. Extinci&#xF3;n del contrato por despido indirecto - 10. Renuncia del trabajador - 11. Extinci&#xF3;n del contrato por voluntad concurrente de las partes - 12. Extinci&#xF3;n del contrato por abandono del trabajo - 13. Extinci&#xF3;n del contrato por jubilaci&#xF3;n del trabajador - 14. Extinci&#xF3;n del contrato por incapacidad o inhabilidad del trabajador - 15. Extinci&#xF3;n por fallecimiento del trabajador - 16. Extinci&#xF3;n del contrato por fallecimiento del empleador - 17. Extinci&#xF3;n por quiebra del empleador -- Parte Cuarta: Convenciones Colectivas: 1. Negociaci&#xF3;n colectiva - 2. Encuadramiento convencional - 3. Concurrencia y articulaci&#xF3;n de convenciones colectivas - 4. Procedimientos preventivo de crisis de empresas  </subfield>
  </datafield>
  <datafield tag="041" ind1=" " ind2=" ">
    <subfield code="a">spa</subfield>
  </datafield>
  <datafield tag="942" ind1=" " ind2=" ">
    <subfield code="c">BK</subfield>
  </datafield>
  <datafield tag="590" ind1=" " ind2=" ">
    <subfield code="a">niveau_biblio:m niveau_hierar:0</subfield>
  </datafield>
  <datafield tag="100" ind1="1" ind2=" ">
    <subfield code="a">Rubio, Valent&#xED;n</subfield>
  </datafield>
  <datafield tag="650" ind1=" " ind2=" ">
    <subfield code="a">Ley N&#xBA; 25.013</subfield>
  </datafield>
  <datafield tag="856" ind1="4" ind2="1">
    <subfield code="u">https://biblioeco.unsa.edu.ar/pmb/images/libros/La Reforma Laboral-l119986.jpg</subfield>
    <subfield code="y">Imagen de portada</subfield>
    <subfield code="q">image/jpeg</subfield>
  </datafield>
  <datafield tag="650" ind1=" " ind2=" ">
    <subfield code="a"> ley n&#xBA; 25 013 </subfield>
  </datafield>
  <datafield tag="999" ind1=" " ind2=" ">
    <subfield code="c">1755</subfield>
    <subfield code="d">1755</subfield>
  </datafield>
  <datafield tag="952" ind1=" " ind2=" ">
    <subfield code="0">0</subfield>
    <subfield code="1">0</subfield>
    <subfield code="4">0</subfield>
    <subfield code="7">0</subfield>
    <subfield code="a">BCEJYS</subfield>
    <subfield code="b">BCEJYS</subfield>
    <subfield code="c">16</subfield>
    <subfield code="d">2026-04-07</subfield>
    <subfield code="l">0</subfield>
    <subfield code="o">349.2 R896</subfield>
    <subfield code="p">L85351</subfield>
    <subfield code="r">2026-04-07 15:55:58</subfield>
    <subfield code="w">2026-04-07</subfield>
    <subfield code="y">L</subfield>
  </datafield>
  <datafield tag="952" ind1=" " ind2=" ">
    <subfield code="0">0</subfield>
    <subfield code="1">0</subfield>
    <subfield code="4">0</subfield>
    <subfield code="7">0</subfield>
    <subfield code="a">BCEJYS</subfield>
    <subfield code="b">BCEJYS</subfield>
    <subfield code="c">16</subfield>
    <subfield code="d">2026-04-07</subfield>
    <subfield code="l">0</subfield>
    <subfield code="o">349.2 R896</subfield>
    <subfield code="p">L85352</subfield>
    <subfield code="r">2026-04-07 15:55:58</subfield>
    <subfield code="w">2026-04-07</subfield>
    <subfield code="y">L</subfield>
  </datafield>
  <datafield tag="952" ind1=" " ind2=" ">
    <subfield code="0">0</subfield>
    <subfield code="1">0</subfield>
    <subfield code="4">0</subfield>
    <subfield code="7">0</subfield>
    <subfield code="a">BCEJYS</subfield>
    <subfield code="b">BCEJYS</subfield>
    <subfield code="c">16</subfield>
    <subfield code="d">2026-04-07</subfield>
    <subfield code="l">0</subfield>
    <subfield code="o">349.2 R896</subfield>
    <subfield code="p">L119986</subfield>
    <subfield code="r">2026-04-07 15:55:58</subfield>
    <subfield code="w">2026-04-07</subfield>
    <subfield code="y">L</subfield>
  </datafield>
</record>
